000 01183nam a22002177a 4500
999 _c59973
_d59973
003 Ge_BSU
005 20230525153051.0
008 230525s1990ge xxu||||| |||| 00| 0 geo d
041 _ageo
080 _a930(479.22)(092 თაყაიშვილი, ე)
100 _aლომთათიძე, გიორგი, ავტორი.
_918220
245 _aქართული კულტურის მემატიანე :
_b ექვთიმე თაყაიშვილი /
_cგიორგი ლომთათიძე ; შემდგ. ნინო ღოღობერიძე.
264 _aთბილისი :
_bსაბჭოთა საქართველო,
_c1990.
300 _a216 გვ. :
_b 4ფ. ილ. ;
_c20 სმ.
440 _aქართული კულტურის მატიანე
_918221
501 _aსახელთა საძიებელი: გვ. 210-215.
653 _aქართველი ისტორიკოსები.
653 _aისტორია
700 _aღოღობერიძე, ნინო
_eშემდგენელი
_918222
942 _2udc
_cBK